| 000 | 00928nam a2200241 a 4500 | ||
|---|---|---|---|
| 001 | 000039620 | ||
| 003 | OSt | ||
| 005 | 20240301141933.0 | ||
| 008 | 130712s1987 dr 000 0 spa d | ||
| 040 |
_aDO-SdBNP _bspa _cBNPHU |
||
| 082 |
_axxxxx _bxxxxx |
||
| 111 | 2 |
_aConferencias sobre vias de ejecución _d1987 : 30 de obt. al 1 de nov. _cSanto Domingo ) _965792 |
|
| 245 | 1 | 0 |
_aConferencias sobre vías de ejecución : _b(los embargos) / _cMariano German Mejía, Domingo Rafael Vasquez C., Artagnan Pérez Méndez ; editor J. Avelino Guzmán. |
| 260 |
_aSanto Domingo : _bEdiciones Biersem, _c1987. |
||
| 300 |
_a220 p. ; _c21 cm. |
||
| 590 | _aInventariado, 2020/ YL | ||
| 700 | 1 | 2 |
_aGermán M., Mariano, _d1946- _q(Germán Mejía) _99311 |
| 700 | 1 | 2 |
_aVásquez C., Domingo Rafael _965793 |
| 700 | 1 | 2 |
_aPérez Méndez, Artagnan _965794 |
| 700 | 1 |
_aGuzmán, J. Avelino _eed. _965795 |
|
| 910 | _aYlockward | ||
| 942 |
_2ddc _cLBS1 |
||
| 999 |
_c39110 _d39110 |
||